ბათუმის შოთა რუსთაველის სახელმწიფო უნივერსიტეტის ბიბლიოთეკა

Mathcad 6.0 Руководство пользователя. Mathcad Plus6.0 (ბიბ.ჩანაწერი № 35612)

000 -LEADER
fixed length control field 00791nam a2200241Ia 4500
001 - CONTROL NUMBER
control field 1478
003 - CONTROL NUMBER IDENTIFIER
control field GE_BSU
008 - FIXED-LENGTH DATA ELEMENTS--GENERAL INFORMATION
fixed length control field 181216s||||||||xx |||||||||||||| ||und||
020 ## - INTERNATIONAL STANDARD BOOK NUMBER
International Standard Book Number 5895680488
040 ## - CATALOGING SOURCE
Transcribing agency GE_BSU
080 ## - UNIVERSAL DECIMAL CLASSIFICATION NUMBER
Universal Decimal Classification number 681.3.06(075.8)
245 ## - TITLE STATEMENT
Title Mathcad 6.0 Руководство пользователя. Mathcad Plus6.0
245 ## - TITLE STATEMENT
Remainder of title Финансовые и научные расчеты в среде Windows 95.
260 ## - PUBLICATION, DISTRIBUTION, ETC.
Place of publication, distribution, etc. Москва
260 ## - PUBLICATION, DISTRIBUTION, ETC.
Name of publisher, distributor, etc. Филинь
260 ## - PUBLICATION, DISTRIBUTION, ETC.
Date of publication, distribution, etc. 1997
300 ## - PHYSICAL DESCRIPTION
Extent 712с.
653 ## - INDEX TERM--UNCONTROLLED
Uncontrolled term Mathcad 6.0 Руководство пользователя. Mathcad Plus6.0
653 ## - INDEX TERM--UNCONTROLLED
Uncontrolled term ინფორმატიკა
653 ## - INDEX TERM--UNCONTROLLED
Uncontrolled term საინფორმაციო ტექნოლოგიები
942 ## - ADDED ENTRY ELEMENTS (KOHA)
Koha item type წიგნი
ეგზემპლარები
Withdrawn status Lost status Damaged status Not for loan Date acquired Barcode Date last seen Price effective from Koha item type
        2018-12-17 867 2018-12-17 2018-12-17 წიგნი
        2018-12-17 791 2018-12-17 2018-12-17 წიგნი